[Event "Internationa A"]
[Site "Aarhus"]
[Date "1990.??.??"]
[Round "6"]
[White "Beaumont, Chris"]
[Black "Kroll, Ove"]
[Result "1-0"]
[WhiteElo "2380"]
[BlackElo "2340"]
[PlyCount "73"]
[EventDate "1990.??.??"]
[EventType "tourn"]
[EventRounds "9"]
[EventCountry "DEN"]
[EventCategory "5"]
[SourceTitle "EXT 1998"]
[Source "ChessBase"]
[SourceDate "1997.11.17"]

1. d4 Nc6 2. Nf3 d5 3. c4 Bg4 4. cxd5 Bxf3 5. gxf3 Qxd5 6. e3 e6 7. Nc3 Bb4 8.
Bd2 Qh5 9. f4 Qxd1+ 10. Rxd1 O-O-O 11. Bg2 Nce7 12. Ke2 Nf6 13. a3 Ba5 14. b4
Bb6 15. Rb1 Rd7 16. Rhc1 Kb8 17. a4 c6 18. a5 Bd8 19. b5 cxb5 20. Rxb5 a6 21.
Rb3 Ned5 22. Na4 Be7 23. Rcb1 Bd6 24. e4 Nxf4+ 25. Bxf4 Bxf4 26. e5 Nd5 27. Nc5
Rhd8 28. Nxd7+ Rxd7 29. Bxd5 exd5 30. Rc3 f6 31. exf6 gxf6 32. h4 Re7+ 33. Kf3
Bd2 34. Rc5 Rd7 35. Kg4 Ka7 36. Kf5 Rd6 37. Rc7 1-0

[Event "Internationa A"]
[Site "Aarhus"]
[Date "1990.??.??"]
[Round "8"]
[White "Beaumont, Chris"]
[Black "Pedersen, Erik"]
[Result "0-1"]
[WhiteElo "2380"]
[BlackElo "2415"]
[PlyCount "114"]
[EventDate "1990.??.??"]
[EventType "tourn"]
[EventRounds "9"]
[EventCountry "DEN"]
[EventCategory "5"]
[SourceTitle "EXT 1998"]
[Source "ChessBase"]
[SourceDate "1997.11.17"]

1. Nf3 Nf6 2. c4 d6 3. d4 Nbd7 4. Nc3 c6 5. e4 e5 6. Be2 Be7 7. O-O O-O 8. Rb1
a6 9. b4 b5 10. c5 exd4 11. Nxd4 Bb7 12. Nxc6 Bxc6 13. cxd6 Nxe4 14. Nxe4 Bxe4
15. dxe7 Qxe7 16. Rb2 Ne5 17. Qd4 Nc6 18. Qc3 Rac8 19. Be3 Rfd8 20. Bc5 Qg5 21.
f3 Bf5 22. a4 Nd4 23. axb5 axb5 24. f4 Qg6 25. Bf3 Be4 26. Bxe4 Qxe4 27. Qe1
Qd3 28. Bxd4 Qxd4+ 29. Qf2 Rc4 30. Qxd4 Rdxd4 31. Ra1 g6 32. Ra5 Rxf4 33. g3
Rf5 34. Kg2 Kg7 35. Ra7 h5 36. Rb7 h4 37. Rb6 Rg5 38. Rb3 Rc2+ 39. Kh3 hxg3 40.
hxg3 f5 41. g4 Rxg4 42. Rxb5 Kh6 43. Rd5 Kg5 44. b5 Rc8 45. Rg3 Rxg3+ 46. Kxg3
Rc3+ 47. Kf2 Rb3 48. Ke2 Kf4 49. Kd2 Ke4 50. Rc5 Kd4 51. Rc6 g5 52. b6 g4 53.
Rg6 Ke4 54. Re6+ Kf4 55. Kc2 Rb5 56. Kd3 g3 57. Kc4 Rb1 0-1

[Event "Internationa A"]
[Site "Aarhus"]
[Date "1990.??.??"]
[Round "4"]
[White "Beaumont, Chris"]
[Black "Jelling, Erik"]
[Result "1/2-1/2"]
[WhiteElo "2380"]
[BlackElo "2355"]
[PlyCount "71"]
[EventDate "1990.??.??"]
[EventType "tourn"]
[EventRounds "9"]
[EventCountry "DEN"]
[EventCategory "5"]
[SourceTitle "EXT 1998"]
[Source "ChessBase"]
[SourceDate "1997.11.17"]

1. d4 d5 2. c4 c6 3. Nf3 Nf6 4. Nc3 dxc4 5. e3 b5 6. a4 b4 7. Nb1 e6 8. Bxc4 a5
9. O-O Bb7 10. Nbd2 Be7 11. b3 O-O 12. Bb2 Nbd7 13. Qe2 c5 14. Rfd1 cxd4 15.
Nxd4 Qb8 16. N2f3 Nc5 17. Rac1 Nfe4 18. Nb5 Ba6 19. Nfd4 Qb6 20. Qg4 Nf6 21.
Qe2 Rac8 22. Nf3 Nce4 23. Ne5 Bb7 24. Nd7 Nxd7 25. Rxd7 Bf6 26. Bxf6 Nxf6 27.
Rxb7 Qxb7 28. Nd6 Qc7 29. Nxc8 Rxc8 30. Rd1 Rd8 31. f3 g6 32. Rxd8+ Qxd8 33.
Qd3 Qxd3 34. Bxd3 Nd7 35. Kf2 Nc5 36. Bc4 1/2-1/2

[Event "Internationa A"]
[Site "Aarhus"]
[Date "1990.??.??"]
[Round "2"]
[White "Beaumont, Chris"]
[Black "Rigo, Janos"]
[Result "0-1"]
[WhiteElo "2380"]
[BlackElo "2385"]
[PlyCount "58"]
[EventDate "1990.??.??"]
[EventType "tourn"]
[EventRounds "9"]
[EventCountry "DEN"]
[EventCategory "5"]
[SourceTitle "EXT 1998"]
[Source "ChessBase"]
[SourceDate "1997.11.17"]

1. Nf3 c5 2. c4 Nc6 3. g3 g6 4. Bg2 Bg7 5. O-O Nh6 6. Nc3 O-O 7. d3 Nf5 8. Rb1
a6 9. Ne1 Rb8 10. a4 d6 11. Bd2 Bd7 12. Nc2 Nfd4 13. Nxd4 Bxd4 14. Bh6 Re8 15.
Qd2 Qc8 16. Rfc1 Bh3 17. Bh1 Qd7 18. Nd5 b5 19. axb5 axb5 20. b4 Nxb4 21. Nxb4
cxb4 22. cxb5 Qxb5 23. Qf4 Qe5 24. Rc7 b3 25. Rc4 Qxf4 26. Bxf4 Bf6 27. Be3 Be6
28. Ra4 b2 29. d4 Bf5 0-1

[Event "Internationa A"]
[Site "Aarhus"]
[Date "1990.??.??"]
[Round "5"]
[White "Burgess, Graham"]
[Black "Hutters, Tomas"]
[Result "0-1"]
[WhiteElo "2335"]
[BlackElo "2260"]
[PlyCount "84"]
[EventDate "1990.??.??"]
[EventType "tourn"]
[EventRounds "9"]
[EventCountry "DEN"]
[EventCategory "5"]
[SourceTitle "EXT 1998"]
[Source "ChessBase"]
[SourceDate "1997.11.17"]

1. d4 Nf6 2. c4 g6 3. Nc3 d5 4. Nf3 Bg7 5. Bg5 c6 6. e3 Be6 7. Qb3 Qb6 8. c5
Qxb3 9. axb3 Ne4 10. Bf4 Nd7 11. b4 O-O 12. b5 Ndxc5 13. bxc6 bxc6 14. dxc5
Nxc3 15. Nd4 Ne4 16. Nxc6 Bxb2 17. Nxe7+ Kg7 18. Ra6 Nxc5 19. Rc6 Nd7 20. Ba6
Bf6 21. Bd6 Nb8 22. Bb7 Nxc6 23. Nxc6 Rfd8 24. Bc7 Rg8 25. Kd2 Rac8 26. Bd6
Rce8 27. Rc1 Bc8 28. Bxc8 Rxc8 29. Nxa7 Rxc1 30. Kxc1 Ra8 31. Nb5 Ra2 32. Nc7
Rxf2 33. Bg3 Rf1+ 34. Kd2 Rf5 35. Bd6 Bd8 36. Ne8+ Kg8 37. g4 Rf2+ 38. Ke1 Ra2
39. Be5 Kf8 40. Nd6 Bc7 41. Nxf7 Bxe5 42. Nxe5 Rxh2 0-1

[Event "Internationa A"]
[Site "Aarhus"]
[Date "1990.??.??"]
[Round "8"]
[White "Burgess, Graham"]
[Black "Nielsen, Jan"]
[Result "1/2-1/2"]
[WhiteElo "2335"]
[BlackElo "2260"]
[PlyCount "117"]
[EventDate "1990.??.??"]
[EventType "tourn"]
[EventRounds "9"]
[EventCountry "DEN"]
[EventCategory "5"]
[SourceTitle "EXT 1998"]
[Source "ChessBase"]
[SourceDate "1997.11.17"]

1. d4 g6 2. e4 Bg7 3. c4 d6 4. Nc3 Nd7 5. Nf3 e5 6. Be2 c6 7. Be3 Ngf6 8. O-O
O-O 9. d5 Ng4 10. Bd2 Kh8 11. b4 c5 12. a3 Bh6 13. h3 Bxd2 14. Qxd2 Ngf6 15.
Ne1 b6 16. Nd3 Qe7 17. bxc5 bxc5 18. Rab1 Ba6 19. Nb2 Qd8 20. Qc2 Qa5 21. Nba4
Rab8 22. Kh2 Kg7 23. g3 Rfe8 24. Bd3 h5 25. h4 Rh8 26. Kg2 Ng4 27. Qe2 Ngf6 28.
Qc2 Rhf8 29. f3 Ng8 30. Rfe1 Ne7 31. Kh2 f6 32. f4 Rxb1 33. Rxb1 f5 34. exf5
gxf5 35. Nb5 Rf6 36. Nxa7 exf4 37. gxf4 Rg6 38. Nc6 Nxc6 39. dxc6 Qd8 40. Qf2
Nf6 41. Bxf5 Bc8 42. Rb8 Ng4+ 43. Bxg4 Rxg4 44. Rb3 Kh6 45. f5 Qf6 46. Rg3
Qxh4+ 47. Kg2 Bxf5 48. Qe3+ Kh7 49. Nc3 Rxc4 50. c7 Rg4 51. Qf3 Rxg3+ 52. Qxg3
Qe7 53. Qf3 Qg5+ 54. Kh2 Qh4+ 55. Kg2 Qg5+ 56. Kh2 Qh4+ 57. Kg2 Qg5+ 58. Kh2
Qh4+ 59. Kg2 1/2-1/2

[Event "Internationa A"]
[Site "Aarhus"]
[Date "1990.??.??"]
[Round "1"]
[White "Burgess, Graham"]
[Black "Jelling, Erik"]
[Result "0-1"]
[WhiteElo "2335"]
[BlackElo "2355"]
[PlyCount "72"]
[EventDate "1990.??.??"]
[EventType "tourn"]
[EventRounds "9"]
[EventCountry "DEN"]
[EventCategory "5"]
[SourceTitle "EXT 1998"]
[Source "ChessBase"]
[SourceDate "1997.11.17"]

1. d4 d5 2. c4 c6 3. Nf3 Nf6 4. Nc3 dxc4 5. e4 b5 6. e5 Nd5 7. a4 e6 8. axb5
Nxc3 9. bxc3 cxb5 10. Ng5 Bb7 11. Qh5 g6 12. Qg4 Be7 13. Be2 Nd7 14. Rb1 a6 15.
Bf3 Qc8 16. h4 h5 17. Qf4 Bxg5 18. hxg5 Bxf3 19. Qxf3 Nb6 20. g4 h4 21. Kf1 Nd5
22. Rh3 Qc6 23. Ba3 a5 24. Bd6 Ra7 25. Qh1 Kd7 26. Bc5 Rb7 27. Qf3 Kc8 28. Ra1
Qc7 29. Kg2 Qd8 30. Kh2 a4 31. Bd6 Qxg5 32. Kh1 Qd2 33. Rb1 Qc2 34. Rxb5 Rxb5
35. Qxf7 Qe4+ 36. Kh2 Qf4+ 0-1

[Event "Internationa A"]
[Site "Aarhus"]
[Date "1990.??.??"]
[Round "7"]
[White "Burgess, Graham"]
[Black "Beaumont, Chris"]
[Result "0-1"]
[WhiteElo "2335"]
[BlackElo "2380"]
[PlyCount "68"]
[EventDate "1990.??.??"]
[EventType "tourn"]
[EventRounds "9"]
[EventCountry "DEN"]
[EventCategory "5"]
[SourceTitle "EXT 1998"]
[Source "ChessBase"]
[SourceDate "1997.11.17"]

1. d4 Nf6 2. c4 c5 3. d5 b5 4. cxb5 a6 5. Nc3 axb5 6. e4 b4 7. Nb5 d6 8. Bc4
Nbd7 9. Nf3 Nb6 10. Bd3 g6 11. b3 Bg7 12. Bb2 O-O 13. O-O Ba6 14. Qe2 Qd7 15.
a4 bxa3 16. Rxa3 Nh5 17. Bxg7 Kxg7 18. g3 Nf4 19. gxf4 Qg4+ 20. Kh1 Bxb5 21.
Rxa8 Bxd3 22. Qxd3 Rxa8 23. f5 Nd7 24. Qe3 Nf6 25. Nd2 Ra2 26. Rg1 Qh5 27. f3
Rxd2 28. Qxd2 Qxf3+ 29. Qg2 Qxe4 30. fxg6 hxg6 31. Qxe4 Nxe4 32. Re1 f5 33. h4
Kf6 34. Kg2 Nc3 0-1

[Event "Internationa A"]
[Site "Aarhus"]
[Date "1990.??.??"]
[Round "6"]
[White "Hutters, Tomas"]
[Black "Nielsen, Jan"]
[Result "1/2-1/2"]
[WhiteElo "2260"]
[BlackElo "2260"]
[PlyCount "65"]
[EventDate "1990.??.??"]
[EventType "tourn"]
[EventRounds "9"]
[EventCountry "DEN"]
[EventCategory "5"]
[SourceTitle "EXT 1998"]
[Source "ChessBase"]
[SourceDate "1997.11.17"]

1. d4 g6 2. c4 Bg7 3. e4 d6 4. Nf3 Nd7 5. Nc3 e5 6. Be2 Nh6 7. h4 f6 8. h5 g5
9. d5 O-O 10. Bd2 a5 11. Nh2 f5 12. g4 f4 13. f3 Bf6 14. O-O c6 15. Kh1 Nc5 16.
Be1 Nf7 17. Bf2 Qc7 18. Re1 Bd7 19. Nf1 Be8 20. Nd2 Be7 21. b3 Nd7 22. a3 Qc8
23. Rc1 c5 24. Na4 Bd8 25. b4 axb4 26. axb4 b6 27. bxc5 bxc5 28. Nc3 Nf6 29.
Nb5 Ba5 30. Kg2 Bd7 31. Rg1 Kh8 32. Kh2 Bb4 33. Nb3 1/2-1/2

[Event "Internationa A"]
[Site "Aarhus"]
[Date "1990.??.??"]
[Round "4"]
[White "Hutters, Tomas"]
[Black "Jasnikowski, Zbigniew"]
[Result "1/2-1/2"]
[WhiteElo "2260"]
[BlackElo "2445"]
[PlyCount "83"]
[EventDate "1990.??.??"]
[EventType "tourn"]
[EventRounds "9"]
[EventCountry "DEN"]
[EventCategory "5"]
[SourceTitle "EXT 1998"]
[Source "ChessBase"]
[SourceDate "1997.11.17"]

1. e4 c5 2. Nf3 e6 3. d4 cxd4 4. Nxd4 Nf6 5. Nc3 d6 6. Be3 Nc6 7. Bc4 a6 8. Bb3
Be7 9. O-O O-O 10. f4 Nxd4 11. Bxd4 b5 12. Qd3 Bb7 13. Rae1 b4 14. e5 dxe5 15.
fxe5 Nd7 16. Ne4 Bxe4 17. Qxe4 Nc5 18. Bxc5 Bxc5+ 19. Kh1 Ra7 20. Rf4 Qd2 21.
Ref1 Rd7 22. Qf3 Qe3 23. Qxe3 Bxe3 24. Rxb4 Bd4 25. Bc4 Bxe5 26. Bxa6 Ra7 27.
Bc4 Rd8 28. a3 g6 29. Bd3 Rb8 30. Rxb8+ Bxb8 31. Bb5 f5 32. Bc4 Kf7 33. Re1 Re7
34. a4 Kf6 35. b4 e5 36. a5 Ra7 37. Be2 e4 38. c4 Be5 39. c5 Bc3 40. Rb1 Bxb4
41. Rxb4 Rxa5 42. Rb1 1/2-1/2

[Event "Internationa A"]
[Site "Aarhus"]
[Date "1990.??.??"]
[Round "3"]
[White "Hutters, Tomas"]
[Black "Beaumont, Chris"]
[Result "1/2-1/2"]
[WhiteElo "2260"]
[BlackElo "2380"]
[PlyCount "81"]
[EventDate "1990.??.??"]
[EventType "tourn"]
[EventRounds "9"]
[EventCountry "DEN"]
[EventCategory "5"]
[SourceTitle "EXT 1998"]
[Source "ChessBase"]
[SourceDate "1997.11.17"]

1. d4 g6 2. c4 Bg7 3. Nc3 c5 4. Nf3 cxd4 5. Nxd4 Nc6 6. Nc2 Bxc3+ 7. bxc3 Nf6
8. f3 Qa5 9. Bd2 d6 10. e4 Be6 11. Ne3 Rc8 12. Be2 Ne5 13. Qb3 b6 14. O-O O-O
15. Nd5 Bxd5 16. cxd5 Nc4 17. Bxc4 Qc5+ 18. Rf2 Qxc4 19. Qxc4 Rxc4 20. a4 a5
21. Be3 Nd7 22. Rb2 Rb8 23. Bd4 f5 24. Kf2 Kf7 25. Ke3 Nc5 26. Rb5 Nxa4 27. Kd3
Rbc8 28. Ra3 e5 29. dxe6+ Kxe6 30. Rab3 R8c6 31. Ra3 Rc8 32. h4 fxe4+ 33. fxe4
R8c6 34. g4 Kd7 35. h5 Kc7 36. hxg6 hxg6 37. Rg5 Nb2+ 38. Ke2 Na4 39. Kd3 Nb2+
40. Ke2 Na4 41. Kd3 1/2-1/2

[Event "Internationa A"]
[Site "Aarhus"]
[Date "1990.??.??"]
[Round "1"]
[White "Hutters, Tomas"]
[Black "Pedersen, Erik"]
[Result "1/2-1/2"]
[WhiteElo "2260"]
[BlackElo "2415"]
[PlyCount "24"]
[EventDate "1990.??.??"]
[EventType "tourn"]
[EventRounds "9"]
[EventCountry "DEN"]
[EventCategory "5"]
[SourceTitle "EXT 1998"]
[Source "ChessBase"]
[SourceDate "1997.11.17"]

1. d4 Nf6 2. Nf3 d6 3. c4 Nbd7 4. Nc3 c6 5. e4 e5 6. Be2 Be7 7. O-O O-O 8. Qc2
a6 9. Rd1 Qc7 10. Rb1 b5 11. b4 Bb7 12. Bg5 Rfe8 1/2-1/2

[Event "Internationa A"]
[Site "Aarhus"]
[Date "1990.??.??"]
[Round "1"]
[White "Jasnikowski, Zbigniew"]
[Black "Kroll, Ove"]
[Result "1/2-1/2"]
[WhiteElo "2445"]
[BlackElo "2340"]
[PlyCount "52"]
[EventDate "1990.??.??"]
[EventType "tourn"]
[EventRounds "9"]
[EventCountry "DEN"]
[EventCategory "5"]
[SourceTitle "EXT 1998"]
[Source "ChessBase"]
[SourceDate "1997.11.17"]

1. d4 d5 2. c4 c6 3. Nf3 Nf6 4. Nc3 dxc4 5. a4 Na6 6. e3 Bg4 7. Bxc4 e6 8. h3
Bh5 9. g4 Bg6 10. Ne5 Nb4 11. Nxg6 hxg6 12. Be2 a5 13. Bf3 Qb6 14. Kf1 O-O-O
15. Kg2 e5 16. Qb3 exd4 17. exd4 Nfd5 18. Nxd5 cxd5 19. Bd2 Kb8 20. Rad1 Rd7
21. Bxb4 Bxb4 22. Bxd5 Rhd8 23. Bf3 Rxd4 24. Rxd4 Rxd4 25. Rd1 Bc5 26. Qxb6
Bxb6 1/2-1/2

[Event "Internationa A"]
[Site "Aarhus"]
[Date "1990.??.??"]
[Round "6"]
[White "Jasnikowski, Zbigniew"]
[Black "Burgess, Graham"]
[Result "1-0"]
[WhiteElo "2445"]
[BlackElo "2335"]
[PlyCount "103"]
[EventDate "1990.??.??"]
[EventType "tourn"]
[EventRounds "9"]
[EventCountry "DEN"]
[EventCategory "5"]
[SourceTitle "EXT 1998"]
[Source "ChessBase"]
[SourceDate "1997.11.17"]

1. d4 Nf6 2. c4 g6 3. Nc3 Bg7 4. e4 d6 5. Be2 O-O 6. Bg5 Nbd7 7. Qd2 c6 8. Nf3
e5 9. O-O exd4 10. Nxd4 Nc5 11. Qf4 Re8 12. Rad1 Qe7 13. f3 a5 14. b3 a4 15. b4
Ne6 16. Nxe6 Bxe6 17. Qh4 Bd7 18. Rd3 Qe6 19. Rfd1 h6 20. Bxh6 Qxc4 21. Bxg7
Kxg7 22. a3 d5 23. Qe1 Qa6 24. Qf2 Qa7 25. Qxa7 Rxa7 26. exd5 Bf5 27. R3d2 Nxd5
28. Nxd5 cxd5 29. Kf2 Be6 30. Rc1 Re7 31. f4 Ra8 32. h4 Rd7 33. Rd4 Bf5 34. Bf3
Re8 35. Rxd5 Rde7 36. Rc3 Be4 37. Ra5 Bxf3 38. Kxf3 Re2 39. Rxa4 Ra2 40. Re3
Rxe3+ 41. Kxe3 Rxg2 42. Ra7 Rb2 43. Kd4 Rb3 44. Kc5 Rc3+ 45. Kb5 Rf3 46. a4
Rxf4 47. Rxb7 Rxh4 48. a5 g5 49. a6 Rh8 50. a7 Ra8 51. Kb6 g4 52. Rc7 1-0

[Event "Internationa A"]
[Site "Aarhus"]
[Date "1990.??.??"]
[Round "5"]
[White "Jasnikowski, Zbigniew"]
[Black "Beaumont, Chris"]
[Result "1-0"]
[WhiteElo "2445"]
[BlackElo "2380"]
[PlyCount "53"]
[EventDate "1990.??.??"]
[EventType "tourn"]
[EventRounds "9"]
[EventCountry "DEN"]
[EventCategory "5"]
[SourceTitle "EXT 1998"]
[Source "ChessBase"]
[SourceDate "1997.11.17"]

1. d4 Nf6 2. c4 c5 3. d5 b5 4. Nf3 g6 5. cxb5 a6 6. e3 Bg7 7. Nc3 O-O 8. a4 Bb7
9. Be2 e6 10. dxe6 fxe6 11. Qd6 axb5 12. Bxb5 Bxf3 13. gxf3 Qc8 14. O-O Ne8 15.
Qd1 Qb7 16. Ne4 Rf5 17. Be2 Nc6 18. f4 Na5 19. Bf3 Nc6 20. Nd6 Nxd6 21. Qxd6
Rc8 22. Rd1 Rc7 23. a5 Bf8 24. Bxc6 Rxc6 25. Qxd7 Qa6 26. e4 Rh5 27. Be3 1-0

[Event "Internationa A"]
[Site "Aarhus"]
[Date "1990.??.??"]
[Round "3"]
[White "Jasnikowski, Zbigniew"]
[Black "Rasmussen, Karsten"]
[Result "1/2-1/2"]
[WhiteElo "2445"]
[BlackElo "2440"]
[PlyCount "24"]
[EventDate "1990.??.??"]
[EventType "tourn"]
[EventRounds "9"]
[EventCountry "DEN"]
[EventCategory "5"]
[SourceTitle "EXT 1998"]
[Source "ChessBase"]
[SourceDate "1997.11.17"]

1. d4 d5 2. c4 e6 3. Nf3 c6 4. Nc3 Nf6 5. Bg5 h6 6. Bxf6 Qxf6 7. e3 Nd7 8. Bd3
g6 9. e4 dxe4 10. Bxe4 Bg7 11. O-O e5 12. d5 Nb6 1/2-1/2

[Event "Internationa A"]
[Site "Aarhus"]
[Date "1990.??.??"]
[Round "8"]
[White "Jasnikowski, Zbigniew"]
[Black "Rigo, Janos"]
[Result "1/2-1/2"]
[WhiteElo "2445"]
[BlackElo "2385"]
[PlyCount "33"]
[EventDate "1990.??.??"]
[EventType "tourn"]
[EventRounds "9"]
[EventCountry "DEN"]
[EventCategory "5"]
[SourceTitle "EXT 1998"]
[Source "ChessBase"]
[SourceDate "1997.11.17"]

1. d4 Nf6 2. Nf3 e6 3. c4 b6 4. g3 Ba6 5. Nbd2 b5 6. cxb5 Bxb5 7. Bg2 d5 8. O-O
Nbd7 9. Re1 Be7 10. e4 Nxe4 11. Nxe4 dxe4 12. Nd2 O-O 13. Nxe4 Rb8 14. Nc3 Ba6
15. d5 e5 16. Ne4 Rb4 17. Qc2 1/2-1/2

[Event "Internationa A"]
[Site "Aarhus"]
[Date "1990.??.??"]
[Round "5"]
[White "Jelling, Erik"]
[Black "Kroll, Ove"]
[Result "1-0"]
[WhiteElo "2355"]
[BlackElo "2340"]
[PlyCount "125"]
[EventDate "1990.??.??"]
[EventType "tourn"]
[EventRounds "9"]
[EventCountry "DEN"]
[EventCategory "5"]
[SourceTitle "EXT 1998"]
[Source "ChessBase"]
[SourceDate "1997.11.17"]

1. d4 d5 2. c4 c6 3. Nf3 Nf6 4. Nc3 dxc4 5. a4 Na6 6. e4 Bg4 7. Bxc4 e6 8. Be3
Bb4 9. Qb3 Nxe4 10. Ne5 Bf5 11. O-O Bxc3 12. Qxb7 O-O 13. bxc3 Nc7 14. Nxc6 Qd7
15. Ne5 Qc8 16. Qxc8 Rfxc8 17. g4 Bg6 18. Rfc1 Nd5 19. Bxd5 exd5 20. c4 dxc4
21. Nxc4 f5 22. Ne5 Nc3 23. Nxg6 hxg6 24. Kg2 Kf7 25. Rc2 Nd5 26. Rac1 Re8 27.
gxf5 gxf5 28. Kf3 Rad8 29. Rc5 Re6 30. Ra5 Rd7 31. Rcc5 Red6 32. Bf4 Nxf4 33.
Rxf5+ Rf6 34. Rxf4 Rxf4+ 35. Kxf4 Rxd4+ 36. Kg3 Rd7 37. Ra6 Kg8 38. h4 Kh7 39.
h5 Rd1 40. Rxa7 Kh6 41. Ra5 Ra1 42. Kf3 Ra2 43. Ke3 Ra3+ 44. Ke4 Ra2 45. f3 Ra3
46. f4 Ra1 47. Kd3 Ra3+ 48. Kc4 Ra1 49. Kb3 Rb1+ 50. Kc3 Rc1+ 51. Kb2 Rc4 52.
Kb3 Rxf4 53. Rc5 g6 54. hxg6 Kxg6 55. a5 Kf6 56. a6 Ke6 57. a7 Rf8 58. Ra5 Ra8
59. Kc4 Kd6 60. Kb5 Kc7 61. Ka6 Rh8 62. Rc5+ Kd6 63. Kb6 1-0

[Event "Internationa A"]
[Site "Aarhus"]
[Date "1990.??.??"]
[Round "2"]
[White "Jelling, Erik"]
[Black "Nielsen, Jan"]
[Result "0-1"]
[WhiteElo "2355"]
[BlackElo "2260"]
[PlyCount "90"]
[EventDate "1990.??.??"]
[EventType "tourn"]
[EventRounds "9"]
[EventCountry "DEN"]
[EventCategory "5"]
[SourceTitle "EXT 1998"]
[Source "ChessBase"]
[SourceDate "1997.11.17"]

1. d4 Nf6 2. c4 e6 3. Nc3 Bb4 4. e3 b6 5. Nge2 Bb7 6. a3 Be7 7. d5 O-O 8. Ng3
b5 9. e4 exd5 10. cxd5 b4 11. axb4 Bxb4 12. Bd3 c6 13. O-O Bxc3 14. bxc3 cxd5
15. exd5 Bxd5 16. Ra4 Nc6 17. Rh4 Re8 18. Bg5 h6 19. Bxh6 Re5 20. Bf4 g5 21.
Bxe5 gxh4 22. Bxf6 Qxf6 23. Qg4+ Kf8 24. Nf5 Be6 25. Be4 a5 26. Qh5 Bxf5 27.
Bxf5 a4 28. Bxd7 Ne7 29. Bxa4 Rxa4 30. Rb1 Ra8 31. h3 Kg7 32. Re1 Ng6 33. Qc5
Rd8 34. c4 Rd2 35. Qe3 Rc2 36. Rc1 Rxc1+ 37. Qxc1 Nf4 38. Qe3 Qg5 39. Qf3 Ne6
40. Qc3+ Qf6 41. Qxf6+ Kxf6 42. g3 Ke5 43. Kg2 f5 44. gxh4 Kf4 45. Kf1 Ng7 0-1

[Event "Internationa A"]
[Site "Aarhus"]
[Date "1990.??.??"]
[Round "9"]
[White "Kroll, Ove"]
[Black "Hutters, Tomas"]
[Result "1/2-1/2"]
[WhiteElo "2340"]
[BlackElo "2260"]
[PlyCount "20"]
[EventDate "1990.??.??"]
[EventType "tourn"]
[EventRounds "9"]
[EventCountry "DEN"]
[EventCategory "5"]
[SourceTitle "EXT 1998"]
[Source "ChessBase"]
[SourceDate "1997.11.17"]

1. c4 Nf6 2. Nc3 e5 3. g3 d5 4. cxd5 Nxd5 5. Bg2 Nb6 6. d3 Be7 7. Be3 O-O 8.
Qc1 Re8 9. Nf3 Nc6 10. O-O Bf8 1/2-1/2

[Event "Internationa A"]
[Site "Aarhus"]
[Date "1990.??.??"]
[Round "7"]
[White "Kroll, Ove"]
[Black "Pedersen, Erik"]
[Result "0-1"]
[WhiteElo "2340"]
[BlackElo "2415"]
[PlyCount "40"]
[EventDate "1990.??.??"]
[EventType "tourn"]
[EventRounds "9"]
[EventCountry "DEN"]
[EventCategory "5"]
[SourceTitle "EXT 1998"]
[Source "ChessBase"]
[SourceDate "1997.11.17"]

1. c4 Nf6 2. Nc3 c5 3. g3 e6 4. Nf3 b6 5. Bg2 Bb7 6. O-O Be7 7. Re1 Ne4 8. Na4
O-O 9. d4 Nc6 10. d5 Na5 11. Qd3 Nd6 12. e4 Naxc4 13. b3 exd5 14. e5 Nxe5 15.
Nxe5 Ne4 16. Nc3 Nxc3 17. Qxc3 Bf6 18. Qd3 d6 19. Nxf7 Rxf7 20. Rb1 d4 0-1

[Event "Internationa A"]
[Site "Aarhus"]
[Date "1990.??.??"]
[Round "2"]
[White "Kroll, Ove"]
[Black "Burgess, Graham"]
[Result "1/2-1/2"]
[WhiteElo "2340"]
[BlackElo "2335"]
[PlyCount "82"]
[EventDate "1990.??.??"]
[EventType "tourn"]
[EventRounds "9"]
[EventCountry "DEN"]
[EventCategory "5"]
[SourceTitle "EXT 1998"]
[Source "ChessBase"]
[SourceDate "1997.11.17"]

1. c4 g6 2. Nc3 Bg7 3. d4 d6 4. e4 Nf6 5. f3 O-O 6. Be3 Nc6 7. Nge2 Rb8 8. a3
a6 9. b4 Re8 10. Ra2 Bd7 11. Rd2 e6 12. Nc1 e5 13. d5 Nd4 14. Nb3 Nh5 15. g3
Nxb3 16. Qxb3 f5 17. exf5 gxf5 18. Be2 Kh8 19. Bd1 Qf6 20. O-O Rg8 21. Rg2 f4
22. Ne4 Qe7 23. Bf2 Bh3 24. g4 Bxg2 25. Kxg2 Nf6 26. Bh4 h6 27. Qd3 Rbf8 28.
Bc2 Qd7 29. Kf2 Nxe4+ 30. Qxe4 Bf6 31. Bxf6+ Rxf6 32. h4 Rg7 33. Rh1 Kg8 34.
Ke1 c6 35. Kd2 cxd5 36. Qxd5+ Qf7 37. Be4 Qxd5+ 38. Bxd5+ Kf8 39. a4 Ke8 40. b5
Kd8 41. b6 Kc8 1/2-1/2

[Event "Internationa A"]
[Site "Aarhus"]
[Date "1990.??.??"]
[Round "4"]
[White "Kroll, Ove"]
[Black "Rigo, Janos"]
[Result "1/2-1/2"]
[WhiteElo "2340"]
[BlackElo "2385"]
[PlyCount "63"]
[EventDate "1990.??.??"]
[EventType "tourn"]
[EventRounds "9"]
[EventCountry "DEN"]
[EventCategory "5"]
[SourceTitle "EXT 1998"]
[Source "ChessBase"]
[SourceDate "1997.11.17"]

1. c4 Nf6 2. Nc3 c5 3. g3 g6 4. Bg2 Bg7 5. a3 Nc6 6. Rb1 O-O 7. b4 cxb4 8. axb4
Ng4 9. Nf3 d6 10. O-O Be6 11. Nd5 Bxd5 12. cxd5 Nce5 13. Nd4 Nxh2 14. Kxh2 Ng4+
15. Kg1 Bxd4 16. e3 Qc8 17. Bf3 Qf5 18. d3 Nxf2 19. Rxf2 Bb6 20. Kg2 Rac8 21.
Rc2 Rxc2+ 22. Qxc2 Rc8 23. Qd2 Qg5 24. Rb2 f6 25. d4 Bxd4 26. Qxd4 Rxc1 27. Qf4
Qxf4 28. exf4 f5 29. Kf2 h5 30. Ke3 Rc3+ 31. Ke2 Kf7 32. Kf2 1/2-1/2

[Event "Internationa A"]
[Site "Aarhus"]
[Date "1990.??.??"]
[Round "1"]
[White "Nielsen, Jan"]
[Black "Rigo, Janos"]
[Result "1-0"]
[WhiteElo "2260"]
[BlackElo "2385"]
[PlyCount "121"]
[EventDate "1990.??.??"]
[EventType "tourn"]
[EventRounds "9"]
[EventCountry "DEN"]
[EventCategory "5"]
[SourceTitle "EXT 1998"]
[Source "ChessBase"]
[SourceDate "1997.11.17"]

1. e4 c5 2. Nf3 d6 3. c3 Nf6 4. Be2 Nc6 5. d4 cxd4 6. cxd4 Nxe4 7. d5 Qa5+ 8.
Nc3 Nxc3 9. bxc3 Nd8 10. O-O e5 11. dxe6 fxe6 12. Nd4 a6 13. c4 Be7 14. Bd2 Qc7
15. Rb1 O-O 16. Bd3 Bf6 17. Nf3 Nf7 18. Qe2 g6 19. Rb3 Bd7 20. Rfb1 Rab8 21.
Be3 Bc6 22. Nd4 Bxd4 23. Bxd4 e5 24. Ba7 Rbc8 25. Bb6 Qd7 26. f3 Ng5 27. Be3
Nxf3+ 28. gxf3 Bxf3 29. Qe1 b5 30. cxb5 Bd5 31. R3b2 Rc3 32. Bf1 Rxf1+ 33. Qxf1
Rxe3 34. bxa6 Qg4+ 35. Rg2 Qxg2+ 36. Qxg2 Bxg2 37. Kxg2 Re2+ 38. Kf3 Rxa2 39.
Rb6 d5 40. Re6 Ra3+ 41. Kg4 Ra4+ 42. Kg3 d4 43. Kf3 d3 44. Ke3 e4 45. Rxe4 Rxa6
46. Kxd3 Ra3+ 47. Kd4 Ra4+ 48. Ke5 Rxe4+ 49. Kxe4 Kf7 50. Ke5 Ke7 51. Kf4 Kf6
52. Kg4 h5+ 53. Kf4 g5+ 54. Kf3 Ke5 55. Ke3 Kf5 56. Kf3 g4+ 57. Kg3 Kg5 58. Kf2
Kf4 59. Kg2 h4 60. Kf2 Ke4 61. Kg2 1-0